Idavilayayi cocoa (Record no. 75333)

MARC details
000 -LEADER
fixed length control field 00267nam a22001217a 4500
100 ## - MAIN ENTRY--AUTHOR NAME
Personal name Lalsi Kuruvila, P.
245 ## - TITLE STATEMENT
Title Idavilayayi cocoa
260 ## - PUBLICATION, DISTRIBUTION, ETC. (IMPRINT)
Name of publisher Rubber, 699(August): 2024. 21-22.
300 ## - PHYSICAL DESCRIPTION
Other physical details Malayalam
650 ## - SUBJECT ADDED ENTRY--TOPICAL TERM
Topical Term Cocoa
650 ## - SUBJECT ADDED ENTRY--TOPICAL TERM
Topical Term Intercrop
942 ## - ADDED ENTRY ELEMENTS (KOHA)
Koha item type Journals
Holdings
Withdrawn status Lost status Damaged status Not for loan Home library Current library Date acquired Koha item type
        RRII Library RRII Library 03/09/2024 Journals